ARRUPE JESUIT UNIVERSITY

CORONAVIRUS -STOP THE SPREAD - CLEAN,DISINFECT,COVER

The Brontës / (Record no. 130227)

MARC details
000 -LEADER
fixed length control field 00724cam a2200265 i 4500
001 - CONTROL NUMBER
control field 2309912
003 - CONTROL NUMBER IDENTIFIER
control field ARRUPE
005 - DATE AND TIME OF LATEST TRANSACTION
control field 20200130104241.0
008 - FIXED-LENGTH DATA ELEMENTS--GENERAL INFORMATION
fixed length control field 800918s1980 enkac b 000 0ceng
010 ## - LIBRARY OF CONGRESS CONTROL NUMBER
LC control number 80495281
015 ## - NATIONAL BIBLIOGRAPHY NUMBER
National bibliography number GB***
020 ## - INTERNATIONAL STANDARD BOOK NUMBER
International Standard Book Number 0706238974
020 ## - INTERNATIONAL STANDARD BOOK NUMBER
International Standard Book Number 0706239776 (pbk.)
040 ## - CATALOGING SOURCE
Original cataloging agency DLC
Transcribing agency DLC
Modifying agency DLC
050 00 - LIBRARY OF CONGRESS CALL NUMBER
Classification number L. PR4168
Item number .W49 1975
082 00 - DEWEY DECIMAL CLASSIFICATION NUMBER
Classification number 823/.8/09
-- B
Edition number 19
300 ## - PHYSICAL DESCRIPTION
Other physical details ill., ports. ;
Dimensions 30 cm.
100 ## - MAIN ENTRY--PERSONAL NAME
Personal name Wilks, Brian
9 (RLIN) 49183
245 04 - TITLE STATEMENT
Title The Brontës /
Statement of responsibility, etc Brian Wilks.
260 ## - PUBLICATION, DISTRIBUTION, ETC. (IMPRINT)
Place of publication, distribution, etc London :
Name of publisher, distributor, etc Hamlyn,
Date of publication, distribution, etc 1975
300 ## - PHYSICAL DESCRIPTION
Extent 144 p. :
504 ## - BIBLIOGRAPHY, ETC. NOTE
Bibliography, etc Bibliography: p. 110.
600 30 - SUBJECT ADDED ENTRY--PERSONAL NAME
Personal name Brontë family.
9 (RLIN) 4134
906 ## - LOCAL DATA ELEMENT F, LDF (RLIN)
a 7
b cbc
c orignew
d 4
e ncip
f 19
g y-gencatlg
942 ## - ADDED ENTRY ELEMENTS (KOHA)
Source of classification or shelving scheme Library of Congress Classification
Koha item type Monograph ( Printed materials)
Holdings
Withdrawn status Lost status Source of classification or shelving scheme Damaged status Not for loan Collection code Home library Current library Shelving location Date acquired Total Checkouts Full call number Barcode Date last seen Price effective from Koha item type
    Library of Congress Classification     Main Collection ARRUPE LIBRARY ARRUPE LIBRARY Main Collection 30/01/2020   L. PR4168 .W49 1975 46600006678 30/01/2020 30/01/2020 Monograph ( Printed materials)

 

Arrupe Library. PO Box MP320 Mt Pleasant, Harare, Zimbabwe
263 242 745411|librarian@aju.ac.zw